000 00438nam a22001455i 4500
001 163327
003 ES-MaACL
005 20230906212722.0
008 050718s1870 xxu | |||||||| ||eng d
040 _aCAM
_bspa
_cCAM
245 0 0 _aReport of the Commissioner of Agriculture for the year 1869.
260 _aWashington :
_bGovernment Printing Office,
_c1870.
300 _a702 p. ;
_c23 cm.
852 _aES-MaACL
_jG-13459
_z-- Enc. hol.
999 _c163327
_d163327